[Event "V4 Liptov 2017"]
[Site "?"]
[Date "2017.06.22"]
[Round "2.11"]
[White "Tomcikova, Zuzana"]
[Black "Wasik, Mateusz"]
[Result "0-1"]
[BlackElo "1484"]
[WhiteElo "1736"]
[LiveChessVersion "1.4.8"]

1. e4 {[%clk 1:00:58]} c5 {[%clk 1:00:55]} 2. Nc3 {[%clk 1:01:23]} Nc6
{[%clk 1:01:21]} 3. g3 {[%clk 1:01:35]} g6 {[%clk 1:01:34]} 4. Bg2
{[%clk 1:01:59]} Bg7 {[%clk 1:01:58]} 5. d3 {[%clk 1:01:42]} e6 {[%clk 1:02:19]}
6. Nge2 {[%clk 1:00:38]} Nge7 {[%clk 1:02:40]} 7. O-O {[%clk 1:00:38]} O-O
{[%clk 1:03:03]} 8. Be3 {[%clk 0:58:03]} b6 {[%clk 1:02:22]} 9. Qd2
{[%clk 0:57:53]} Bb7 {[%clk 0:56:23]} 10. Bh6 {[%clk 0:57:05]} d5
{[%clk 0:56:17]} 11. Bxg7 {[%clk 0:55:52]} Kxg7 {[%clk 0:56:45]} 12. exd5
{[%clk 0:54:52]} exd5 {[%clk 0:56:41]} 13. Nf4 {[%clk 0:54:18]} d4
{[%clk 0:55:50]} 14. Ne4 {[%clk 0:51:36]} Ne5 {[%clk 0:53:47]} 15. Ng5
{[%clk 0:48:34]} Qd7 {[%clk 0:51:00]} 16. Bxb7 {[%clk 0:40:27]} Qxb7
{[%clk 0:51:26]} 17. Qe2 {[%clk 0:40:29]} N7c6 {[%clk 0:49:24]} 18. Rae1
{[%clk 0:33:21]} Rfe8 {[%clk 0:48:38]} 19. Qd1 {[%clk 0:33:26]} h6
{[%clk 0:45:01]} 20. Ne4 {[%clk 0:32:51]} Qd7 {[%clk 0:44:58]} 21. Ng2
{[%clk 0:26:08]} f5 {[%clk 0:40:18]} 22. Nd2 {[%clk 0:25:33]} Re7
{[%clk 0:39:02]} 23. f4 {[%clk 0:23:32]} Ng4 {[%clk 0:38:57]} 24. Rxe7+
{[%clk 0:23:53]} Nxe7 {[%clk 0:38:47]} 25. Re1 {[%clk 0:21:11]} Nd5
{[%clk 0:37:07]} 26. Nc4 {[%clk 0:21:30]} Re8 {[%clk 0:35:52]} 27. Qd2
{[%clk 0:14:58]} b5 {[%clk 0:34:36]} 28. Ne5 {[%clk 0:13:47]} Nxe5
{[%clk 0:34:02]} 29. Rxe5 {[%clk 0:14:08]} Rxe5 {[%clk 0:30:07]} 30. fxe5
{[%clk 0:14:35]} Qe6 {[%clk 0:30:14]} 31. Qe1 {[%clk 0:14:31]} g5
{[%clk 0:27:52]} 32. a3 {[%clk 0:11:28]} Ne7 {[%clk 0:26:22]} 33. h4
{[%clk 0:11:12]} Nc6 {[%clk 0:26:23]} 34. hxg5 {[%clk 0:10:42]} hxg5
{[%clk 0:26:51]} 35. Qd2 {[%clk 0:10:51]} Kg6 {[%clk 0:26:53]} 36. Qe1
{[%clk 0:06:20]} Qxe5 {[%clk 0:22:50]} 37. Qxe5 {[%clk 0:06:18]} Nxe5
{[%clk 0:23:18]} 38. Kf2 {[%clk 0:06:43]} Kh5 {[%clk 0:23:38]} 39. Ne1
{[%clk 0:06:38]} Kg4 {[%clk 0:23:55]} 40. b3 {[%clk 0:06:41]} f4 {[%clk 0:24:02]}
41. gxf4 {[%clk 0:06:46]} gxf4 {[%clk 0:23:58]} 42. Ng2 {[%clk 0:05:43]} f3
{[%clk 0:23:52]} 43. Ne1 {[%clk 0:06:06]} Kf4 {[%clk 0:24:08]} 44. a4
{[%clk 0:06:15]} bxa4 {[%clk 0:24:22]} 45. bxa4 {[%clk 0:06:41]} a5
{[%clk 0:24:44]} 46. Kg1 {[%clk 0:05:23]} Kg3 {[%clk 0:24:40]} 47. Kf1
{[%clk 0:05:09]} Ng4 {[%clk 0:25:09]} 48. Nxf3 {[%clk 0:04:52]} Kxf3
{[%clk 0:25:30]} 49. Ke1 {[%clk 0:05:20]} Ne3 {[%clk 0:25:52]} 50. Kd2
{[%clk 0:05:37]} Kf2 {[%clk 0:25:23]} 51. c3 {[%clk 0:05:52]} Nf1+
{[%clk 0:25:17]} 52. Kc2 {[%clk 0:06:15]} Ke3 {[%clk 0:25:39]} 53. c4
{[%clk 0:05:11]} Nd2 {[%clk 0:25:57]} 0-1

[Event "V4 Liptov 2017"]
[Site "?"]
[Date "2017.06.22"]
[Round "2.12"]
[White "Waszczuk, Patrycja"]
[Black "Buco, Martin"]
[Result "1/2-1/2"]
[BlackElo "1708"]
[WhiteElo "1774"]
[LiveChessVersion "1.4.8"]

1. e4 {[%clk 1:00:57]} c5 {[%clk 1:00:56]} 2. Nf3 {[%clk 1:01:23]} e6
{[%clk 1:01:22]} 3. d4 {[%clk 1:01:46]} cxd4 {[%clk 1:01:51]} 4. Nxd4
{[%clk 1:02:08]} Bc5 {[%clk 1:02:18]} 5. Nb3 {[%clk 1:01:47]} Bb6
{[%clk 1:02:47]} 6. Nc3 {[%clk 1:01:08]} Ne7 {[%clk 1:03:12]} 7. Bf4
{[%clk 1:00:25]} O-O {[%clk 0:59:41]} 8. Bd6 {[%clk 0:56:29]} f5 {[%clk 0:56:14]}
9. e5 {[%clk 0:55:56]} f4 {[%clk 0:53:07]} 10. Qf3 {[%clk 0:53:18]} Nbc6
{[%clk 0:41:47]} 11. O-O-O {[%clk 0:49:10]} Bc7 {[%clk 0:32:41]} 12. Bd3
{[%clk 0:43:32]} a5 {[%clk 0:21:46]} 13. Nb5 {[%clk 0:37:53]} Bxd6
{[%clk 0:21:51]} 14. exd6 {[%clk 0:37:44]} Nd5 {[%clk 0:17:43]} 15. Be4
{[%clk 0:36:19]} Nf6 {[%clk 0:13:13]} 16. N3d4 {[%clk 0:28:07]} Nxe4
{[%clk 0:12:02]} 17. Qxe4 {[%clk 0:28:35]} Nxd4 {[%clk 0:10:18]} 18. Nxd4
{[%clk 0:27:22]} Rb8 {[%clk 0:09:58]} 19. a4 {[%clk 0:22:24]} b6 {[%clk 0:09:14]}
20. f3 {[%clk 0:21:30]} Ba6 {[%clk 0:07:45]} 21. Qe5 {[%clk 0:20:34]} b5
{[%clk 0:06:41]} 22. axb5 {[%clk 0:18:55]} Bxb5 {[%clk 0:06:29]} 23. Qc5
{[%clk 0:18:44]} Qc8 {[%clk 0:04:49]} 24. Qxc8 {[%clk 0:16:30]} Rfxc8
{[%clk 0:05:17]} 25. Nxb5 {[%clk 0:16:40]} Rxb5 {[%clk 0:05:44]} 26. Rhe1
{[%clk 0:16:31]} Rcb8 {[%clk 0:04:42]} 27. b3 {[%clk 0:16:51]} R8b6
{[%clk 0:05:02]} 28. Re4 {[%clk 0:16:28]} g5 {[%clk 0:04:42]} 29. h4
{[%clk 0:16:04]} Rc6 {[%clk 0:04:40]} 30. Rxe6 {[%clk 0:12:54]} dxe6
{[%clk 0:02:40]} 31. d7 {[%clk 0:13:21]} Rb8 {[%clk 0:03:07]} 32. d8=Q+
{[%clk 0:13:46]} Rxd8 {[%clk 0:03:34]} 33. Rxd8+ {[%clk 0:14:08]} Kg7
{[%clk 0:03:54]} 34. Rd7+ {[%clk 0:13:49]} Kg6 {[%clk 0:04:12]} 35. hxg5
{[%clk 0:14:09]} Rc5 {[%clk 0:03:55]} 36. c4 {[%clk 0:12:58]} Rxg5
{[%clk 0:02:55]} 37. Rd2 {[%clk 0:13:18]} Kf6 {[%clk 0:02:58]} 38. Kc2
{[%clk 0:13:21]} Ke7 {[%clk 0:02:47]} 39. Kc3 {[%clk 0:13:04]} h5
{[%clk 0:02:19]} 40. b4 {[%clk 0:12:38]} axb4+ {[%clk 0:02:43]} 41. Kxb4
{[%clk 0:13:07]} Rg8 {[%clk 0:02:07]} 42. c5 {[%clk 0:12:59]} Rb8+
{[%clk 0:01:57]} 43. Kc4 {[%clk 0:13:13]} e5 {[%clk 0:01:05]} 44. Rd5
{[%clk 0:12:10]} Ke6 {[%clk 0:01:30]} 45. Rd6+ {[%clk 0:12:37]} Ke7
{[%clk 0:01:17]} 46. Rg6 {[%clk 0:10:48]} Kf7 {[%clk 0:00:57]} 47. Rg5
{[%clk 0:10:30]} Kf6 {[%clk 0:01:26]} 48. Rxh5 {[%clk 0:10:48]} Rb2
{[%clk 0:01:48]} 49. Rh2 {[%clk 0:09:46]} e4 {[%clk 0:00:59]} 50. fxe4
{[%clk 0:08:45]} f3 {[%clk 0:01:12]} 51. Rh3 {[%clk 0:08:41]} fxg2
{[%clk 0:01:31]} 52. Rg3 {[%clk 0:09:05]} Ke5 {[%clk 0:01:04]} 53. Rg4
{[%clk 0:09:18]} Ke6 {[%clk 0:00:45]} 54. Kd4 {[%clk 0:07:02]} Ra2
{[%clk 0:00:38]} 55. c6 {[%clk 0:06:21]} Kd6 {[%clk 0:00:46]} 56. Rg6+
{[%clk 0:06:43]} Kc7 {[%clk 0:01:13]} 57. Ke5 {[%clk 0:05:53]} Rc2
{[%clk 0:00:55]} 58. Kf5 {[%clk 0:05:36]} Rxc6 {[%clk 0:00:40]} 59. Rxg2
{[%clk 0:05:46]} Kd7 {[%clk 0:00:54]} 60. Rg7+ {[%clk 0:05:31]} Ke8
{[%clk 0:01:15]} 61. e5 {[%clk 0:05:42]} Ra6 {[%clk 0:01:21]} 62. Rb7
{[%clk 0:05:57]} Rc6 {[%clk 0:01:43]} 63. Ke4 {[%clk 0:06:04]} Ra6
{[%clk 0:01:42]} 64. Kd5 {[%clk 0:05:37]} Ra5+ {[%clk 0:02:02]} 65. Ke6
{[%clk 0:05:58]} Ra6+ {[%clk 0:02:29]} 66. Kf5 {[%clk 0:06:23]} Rc6
{[%clk 0:02:35]} 67. e6 {[%clk 0:05:50]} Rc1 {[%clk 0:03:01]} 68. Rb5
{[%clk 0:05:45]} Rf1+ {[%clk 0:03:16]} 69. Ke5 {[%clk 0:06:12]} Re1+
{[%clk 0:03:37]} 70. Kd6 {[%clk 0:06:28]} Rd1+ {[%clk 0:04:06]} 71. Rd5
{[%clk 0:06:12]} Rxd5+ {[%clk 0:04:34]} 72. Kxd5 {[%clk 0:06:35]} 1/2-1/2

[Event "V4 Liptov 2017"]
[Site "?"]
[Date "2017.06.22"]
[Round "2.13"]
[White "Klementowski, Dawid"]
[Black "Chwistek, Karel"]
[Result "1/2-1/2"]
[BlackElo "1985"]
[WhiteElo "1984"]
[LiveChessVersion "1.4.8"]

1. c4 {[%clk 1:00:53]} e5 {[%clk 1:00:47]} 2. g3 {[%clk 1:01:13]} Nc6
{[%clk 1:01:08]} 3. Bg2 {[%clk 1:01:38]} f5 {[%clk 1:01:28]} 4. Nc3
{[%clk 1:01:24]} Nf6 {[%clk 1:01:29]} 5. d3 {[%clk 0:59:12]} Bb4 {[%clk 1:00:21]}
6. Bg5 {[%clk 0:58:37]} Bxc3+ {[%clk 0:57:13]} 7. bxc3 {[%clk 0:58:59]} O-O
{[%clk 0:56:04]} 8. e3 {[%clk 0:56:37]} Qe8 {[%clk 0:49:51]} 9. Bxf6
{[%clk 0:51:03]} Rxf6 {[%clk 0:49:35]} 10. Nh3 {[%clk 0:51:10]} d6
{[%clk 0:44:40]} 11. O-O {[%clk 0:49:25]} f4 {[%clk 0:36:04]} 12. Ng5
{[%clk 0:39:54]} Qg6 {[%clk 0:23:02]} 13. Ne4 {[%clk 0:38:25]} Rf7
{[%clk 0:20:39]} 14. Bf3 {[%clk 0:34:24]} Qh6 {[%clk 0:14:44]} 15. Qe2
{[%clk 0:33:00]} Bh3 {[%clk 0:13:04]} 16. Rfb1 {[%clk 0:31:44]} Raf8
{[%clk 0:11:00]} 17. Bh1 {[%clk 0:30:09]} b6 {[%clk 0:08:20]} 18. d4
{[%clk 0:22:48]} Ne7 {[%clk 0:06:57]} 19. exf4 {[%clk 0:22:09]} exf4
{[%clk 0:07:04]} 20. Rb5 {[%clk 0:22:34]} c5 {[%clk 0:06:16]} 21. a4
{[%clk 0:21:08]} fxg3 {[%clk 0:05:34]} 22. hxg3 {[%clk 0:21:22]} Nf5
{[%clk 0:05:08]} 23. a5 {[%clk 0:20:11]} Nxg3 {[%clk 0:02:52]} 24. Nxg3
{[%clk 0:20:25]} Rxf2 {[%clk 0:03:10]} 25. Bd5+ {[%clk 0:19:35]} Kh8
{[%clk 0:03:33]} 26. Qxf2 {[%clk 0:18:04]} Rxf2 {[%clk 0:03:54]} 27. Kxf2
{[%clk 0:18:29]} Qf4+ {[%clk 0:04:12]} 28. Ke2 {[%clk 0:18:33]} Bg4+
{[%clk 0:04:27]} 29. Kd3 {[%clk 0:18:02]} Qxg3+ {[%clk 0:04:21]} 30. Kc2
{[%clk 0:18:26]} cxd4 {[%clk 0:04:02]} 31. cxd4 {[%clk 0:17:31]} Bf5+
{[%clk 0:03:56]} 32. Kb2 {[%clk 0:17:45]} Qf2+ {[%clk 0:03:56]} 33. Ka3
{[%clk 0:17:52]} Qe3+ {[%clk 0:03:55]} 34. Rb3 {[%clk 0:16:57]} Qxd4
{[%clk 0:04:18]} 35. Ra2 {[%clk 0:16:22]} Qc5+ {[%clk 0:04:04]} 36. Kb2
{[%clk 0:16:45]} h5 {[%clk 0:04:15]} 37. axb6 {[%clk 0:16:23]} Qd4+
{[%clk 0:04:38]} 38. Kc1 {[%clk 0:13:20]} axb6 {[%clk 0:04:41]} 39. Ra8+
{[%clk 0:11:31]} Kh7 {[%clk 0:05:01]} 40. Rb8 {[%clk 0:06:54]} Qa1+
{[%clk 0:03:32]} 41. Kd2 {[%clk 0:07:16]} Qa2+ {[%clk 0:03:50]} 42. Kc3
{[%clk 0:07:37]} Qc2+ {[%clk 0:04:13]} 43. Kb4 {[%clk 0:08:00]} Qd2+
{[%clk 0:04:36]} 44. Kb5 {[%clk 0:06:05]} h4 {[%clk 0:02:24]} 45. Kxb6
{[%clk 0:03:13]} Qd4+ {[%clk 0:02:27]} 46. Ka6 {[%clk 0:02:07]} Qc5
{[%clk 0:01:44]} 47. Kb7 {[%clk 0:01:32]} h3 {[%clk 0:01:39]} 48. Rb5
{[%clk 0:01:31]} Qe3 {[%clk 0:01:13]} 49. Rb2 {[%clk 0:01:01]} Be4
{[%clk 0:01:13]} 50. Bxe4+ {[%clk 0:00:33]} Qxe4+ {[%clk 0:01:38]} 51. Ka7
{[%clk 0:00:39]} Qd4+ {[%clk 0:01:52]} 52. R8b6 {[%clk 0:00:51]} Qxc4
{[%clk 0:02:10]} 53. R6b3 {[%clk 0:00:49]} Qg4 {[%clk 0:02:15]} 54. Kb6
{[%clk 0:01:04]} d5 {[%clk 0:02:29]} 55. Kc5 {[%clk 0:01:26]} Qd7
{[%clk 0:01:59]} 56. Kd4 {[%clk 0:01:16]} Kh6 {[%clk 0:01:51]} 57. Rb6+
{[%clk 0:00:35]} Kh5 {[%clk 0:01:54]} 58. R6b5 {[%clk 0:00:57]} g5
{[%clk 0:01:51]} 59. Rxd5 {[%clk 0:01:08]} Qg4+ {[%clk 0:01:35]} 60. Kc3
{[%clk 0:01:17]} Qc8+ {[%clk 0:00:51]} 61. Kd3 {[%clk 0:01:11]} Qa6+
{[%clk 0:01:02]} 62. Rbb5 {[%clk 0:00:42]} Qa3+ {[%clk 0:01:17]} 63. Ke2
{[%clk 0:00:57]} Qa2+ {[%clk 0:01:31]} 1/2-1/2

[Event "V4 Liptov 2017"]
[Site "?"]
[Date "2017.06.22"]
[Round "2.14"]
[White "Nehyba, Martin"]
[Black "Cieslak, Wiktoria"]
[Result "1/2-1/2"]
[BlackElo "1991"]
[WhiteElo "1944"]
[LiveChessVersion "1.4.8"]

1. c4 {[%clk 1:00:58]} e5 {[%clk 1:00:52]} 2. Nc3 {[%clk 1:01:23]} Nc6
{[%clk 1:01:12]} 3. g3 {[%clk 1:01:43]} g6 {[%clk 1:01:28]} 4. Bg2
{[%clk 1:02:07]} Bg7 {[%clk 1:01:48]} 5. d3 {[%clk 1:02:27]} d6 {[%clk 1:01:55]}
6. e4 {[%clk 1:02:19]} Be6 {[%clk 1:01:42]} 7. Nge2 {[%clk 1:02:20]} Qd7
{[%clk 1:01:17]} 8. a3 {[%clk 1:02:15]} a5 {[%clk 1:00:36]} 9. O-O
{[%clk 1:02:06]} Nge7 {[%clk 0:59:37]} 10. Rb1 {[%clk 1:01:26]} O-O
{[%clk 0:57:25]} 11. Nd5 {[%clk 0:51:48]} Nc8 {[%clk 0:50:48]} 12. Be3
{[%clk 0:38:11]} Rb8 {[%clk 0:44:23]} 13. Nec3 {[%clk 0:33:58]} Nd8
{[%clk 0:43:31]} 14. Qd2 {[%clk 0:31:47]} b6 {[%clk 0:42:39]} 15. Ne2
{[%clk 0:21:51]} c6 {[%clk 0:42:00]} 16. Ndc3 {[%clk 0:22:12]} f5
{[%clk 0:41:09]} 17. f3 {[%clk 0:21:37]} Nf7 {[%clk 0:39:34]} 18. b4
{[%clk 0:20:38]} axb4 {[%clk 0:37:45]} 19. axb4 {[%clk 0:20:55]} b5
{[%clk 0:35:44]} 20. cxb5 {[%clk 0:19:45]} cxb5 {[%clk 0:36:07]} 21. d4
{[%clk 0:19:21]} fxe4 {[%clk 0:31:08]} 22. Nxe4 {[%clk 0:19:17]} Nb6
{[%clk 0:31:15]} 23. Bf2 {[%clk 0:17:42]} Nc4 {[%clk 0:29:56]} 24. Qd1
{[%clk 0:16:57]} Bh3 {[%clk 0:27:19]} 25. dxe5 {[%clk 0:16:07]} Nfxe5
{[%clk 0:25:14]} 26. Nf4 {[%clk 0:14:10]} Bf5 {[%clk 0:22:48]} 27. Qd5+
{[%clk 0:13:35]} Kh8 {[%clk 0:22:24]} 28. Rbd1 {[%clk 0:13:07]} Bxe4
{[%clk 0:21:09]} 29. Qxe4 {[%clk 0:13:02]} Rbe8 {[%clk 0:20:28]} 30. Qd5
{[%clk 0:12:38]} Qc6 {[%clk 0:16:28]} 31. Qxc6 {[%clk 0:12:12]} Nxc6
{[%clk 0:16:52]} 32. Rd5 {[%clk 0:12:34]} Rf5 {[%clk 0:14:33]} 33. Rxf5
{[%clk 0:11:57]} gxf5 {[%clk 0:14:57]} 34. Re1 {[%clk 0:08:53]} Rxe1+
{[%clk 0:12:27]} 35. Bxe1 {[%clk 0:09:19]} Ne3 {[%clk 0:12:26]} 36. Ne6
{[%clk 0:02:52]} Nc2 {[%clk 0:11:54]} 37. Nxg7 {[%clk 0:02:17]} Kxg7
{[%clk 0:11:29]} 38. Bc3+ {[%clk 0:02:43]} Kg6 {[%clk 0:11:47]} 39. Bf1
{[%clk 0:02:48]} N6xb4 {[%clk 0:09:12]} 40. Bxb5 {[%clk 0:00:34]} h6
{[%clk 0:08:17]} 41. Be8+ {[%clk 0:00:36]} Kh7 {[%clk 0:08:36]} 42. Bd7
{[%clk 0:00:52]} Kg6 {[%clk 0:08:50]} 43. Be8+ {[%clk 0:01:00]} Kh7
{[%clk 0:09:16]} 44. Bd7 {[%clk 0:01:05]} Kg6 {[%clk 0:09:42]} 45. h4
{[%clk 0:00:33]} d5 {[%clk 0:09:06]} 46. h5+ {[%clk 0:00:31]} Kxh5
{[%clk 0:09:28]} 47. Be8+ {[%clk 0:00:51]} Kg5 {[%clk 0:09:33]} 48. Bd2+
{[%clk 0:00:32]} Kf6 {[%clk 0:07:39]} 49. Bxh6 {[%clk 0:00:53]} Nd4
{[%clk 0:06:52]} 50. Kg2 {[%clk 0:00:41]} Nd3 {[%clk 0:07:06]} 51. Bd2
{[%clk 0:01:03]} Ne5 {[%clk 0:06:38]} 52. Bh5 {[%clk 0:00:38]} Nb3
{[%clk 0:06:17]} 53. Bf4 {[%clk 0:00:33]} Ng6 {[%clk 0:05:41]} 54. Bxg6
{[%clk 0:00:39]} Kxg6 {[%clk 0:06:07]} 55. g4 {[%clk 0:01:03]} 1/2-1/2

[Event "V4 Liptov 2017"]
[Site "?"]
[Date "2017.06.22"]
[Round "2.15"]
[White "Galuszka, Tomasz"]
[Black "Kopcova, Ludmila"]
[Result "1/2-1/2"]
[BlackElo "1980"]
[WhiteElo "1808"]
[LiveChessVersion "1.4.8"]

1. e4 {[%clk 1:00:59]} e5 {[%clk 1:00:56]} 2. Nf3 {[%clk 1:01:24]} Nf6
{[%clk 1:01:23]} 3. Nxe5 {[%clk 1:01:42]} d6 {[%clk 1:01:48]} 4. Nf3
{[%clk 1:02:08]} Nxe4 {[%clk 1:02:14]} 5. d4 {[%clk 1:02:26]} d5 {[%clk 1:02:35]}
6. Bd3 {[%clk 1:02:27]} Nc6 {[%clk 1:02:57]} 7. O-O {[%clk 1:02:32]} Be7
{[%clk 1:03:22]} 8. c4 {[%clk 1:01:29]} Nb4 {[%clk 1:02:17]} 9. Be2
{[%clk 0:58:43]} O-O {[%clk 0:59:40]} 10. a3 {[%clk 0:57:13]} Nc6
{[%clk 0:59:32]} 11. Nc3 {[%clk 0:54:32]} Nxc3 {[%clk 0:59:14]} 12. bxc3
{[%clk 0:48:37]} Bf5 {[%clk 0:50:04]} 13. Re1 {[%clk 0:44:07]} Bf6
{[%clk 0:44:26]} 14. cxd5 {[%clk 0:36:05]} Qxd5 {[%clk 0:44:47]} 15. Bf4
{[%clk 0:36:03]} Qd7 {[%clk 0:36:24]} 16. Bb5 {[%clk 0:27:40]} a6
{[%clk 0:34:10]} 17. Ne5 {[%clk 0:24:25]} Bxe5 {[%clk 0:32:31]} 18. Bxc6
{[%clk 0:24:36]} Qxc6 {[%clk 0:32:50]} 19. Rxe5 {[%clk 0:24:28]} Qd7
{[%clk 0:29:41]} 20. Qe2 {[%clk 0:21:35]} Rfe8 {[%clk 0:26:08]} 21. Re1
{[%clk 0:20:36]} Rxe5 {[%clk 0:24:38]} 22. Qxe5 {[%clk 0:20:56]} c6
{[%clk 0:24:32]} 23. Qc5 {[%clk 0:18:51]} Re8 {[%clk 0:20:08]} 24. Re3
{[%clk 0:15:29]} 1/2-1/2

[Event "V4 Liptov 2017"]
[Site "?"]
[Date "2017.06.22"]
[Round "2.16"]
[White "Londin, Simon"]
[Black "Adamczyk, Zuzanna"]
[Result "1-0"]
[BlackElo "1753"]
[WhiteElo "1772"]
[LiveChessVersion "1.4.8"]

1. d4 {[%clk 1:00:59]} Nf6 {[%clk 1:00:48]} 2. c4 {[%clk 1:01:25]} e6
{[%clk 1:01:06]} 3. Nc3 {[%clk 1:01:52]} Bb4 {[%clk 1:01:15]} 4. f3
{[%clk 1:02:19]} d5 {[%clk 1:00:38]} 5. a3 {[%clk 1:02:44]} Bxc3+
{[%clk 1:00:49]} 6. bxc3 {[%clk 1:03:10]} c5 {[%clk 1:00:38]} 7. cxd5
{[%clk 1:00:12]} exd5 {[%clk 1:00:07]} 8. e3 {[%clk 0:56:44]} c4 {[%clk 0:59:37]}
9. Ne2 {[%clk 0:56:23]} Nc6 {[%clk 0:58:10]} 10. g3 {[%clk 0:50:11]} O-O
{[%clk 0:47:07]} 11. Bg2 {[%clk 0:49:13]} Re8 {[%clk 0:46:51]} 12. Qc2
{[%clk 0:48:38]} Qe7 {[%clk 0:45:47]} 13. Bd2 {[%clk 0:45:45]} Na5
{[%clk 0:43:26]} 14. Nc1 {[%clk 0:46:10]} Bd7 {[%clk 0:39:11]} 15. O-O
{[%clk 0:40:16]} Qe6 {[%clk 0:27:31]} 16. Re1 {[%clk 0:37:53]} Bc6
{[%clk 0:27:35]} 17. Re2 {[%clk 0:35:27]} Re7 {[%clk 0:15:24]} 18. Na2
{[%clk 0:35:45]} Nb3 {[%clk 0:12:39]} 19. Rae1 {[%clk 0:36:10]} Rae8
{[%clk 0:11:52]} 20. Nc1 {[%clk 0:31:29]} Nxd2 {[%clk 0:11:03]} 21. Rxd2
{[%clk 0:31:48]} Qd6 {[%clk 0:11:11]} 22. Rde2 {[%clk 0:30:33]} Qxa3
{[%clk 0:11:08]} 23. e4 {[%clk 0:29:50]} a5 {[%clk 0:07:41]} 24. e5
{[%clk 0:22:19]} Nd7 {[%clk 0:06:51]} 25. f4 {[%clk 0:20:18]} Nf8
{[%clk 0:06:29]} 26. f5 {[%clk 0:19:07]} b5 {[%clk 0:05:51]} 27. Qd2
{[%clk 0:18:59]} f6 {[%clk 0:04:47]} 28. Qe3 {[%clk 0:18:03]} b4 {[%clk 0:03:51]}
29. Ra2 {[%clk 0:12:58]} Qxc3 {[%clk 0:04:05]} 30. Qxc3 {[%clk 0:13:27]} bxc3
{[%clk 0:04:31]} 31. e6 {[%clk 0:13:49]} Ra8 {[%clk 0:04:04]} 32. Ne2
{[%clk 0:13:34]} c2 {[%clk 0:03:33]} 33. Nc3 {[%clk 0:13:58]} g6 {[%clk 0:03:09]}
34. g4 {[%clk 0:14:24]} gxf5 {[%clk 0:02:36]} 35. gxf5 {[%clk 0:14:49]} a4
{[%clk 0:02:40]} 36. Rxc2 {[%clk 0:14:25]} Ra5 {[%clk 0:02:56]} 37. Rb1
{[%clk 0:10:52]} a3 {[%clk 0:02:59]} 38. Rb6 {[%clk 0:10:49]} Ba4
{[%clk 0:03:02]} 39. Rc1 {[%clk 0:10:15]} Rg7 {[%clk 0:01:50]} 40. Kh1
{[%clk 0:09:57]} Bb3 {[%clk 0:01:34]} 41. Bxd5 {[%clk 0:09:53]} Re7
{[%clk 0:01:39]} 42. Rg1+ {[%clk 0:09:50]} Ng6 {[%clk 0:01:48]} 43. fxg6
{[%clk 0:09:17]} hxg6 {[%clk 0:02:01]} 44. Ra1 {[%clk 0:08:53]} a2
{[%clk 0:01:59]} 45. Rb8+ {[%clk 0:06:27]} Kg7 {[%clk 0:02:06]} 46. Ra8
{[%clk 0:06:33]} Rxa8 {[%clk 0:02:09]} 47. Bxa8 {[%clk 0:07:02]} Rxe6
{[%clk 0:02:34]} 48. d5 {[%clk 0:05:32]} Ra6 {[%clk 0:02:36]} 49. Bc6
{[%clk 0:05:55]} Kf7 {[%clk 0:02:38]} 50. Kg2 {[%clk 0:04:21]} Ke7
{[%clk 0:02:13]} 51. Kf3 {[%clk 0:03:53]} f5 {[%clk 0:02:09]} 52. Ke3
{[%clk 0:04:04]} Kd6 {[%clk 0:01:50]} 53. Kd4 {[%clk 0:04:25]} Ra5
{[%clk 0:01:31]} 54. Bb5 {[%clk 0:02:28]} g5 {[%clk 0:01:29]} 55. Bxc4
{[%clk 0:02:14]} Bxc4 {[%clk 0:01:08]} 56. Kxc4 {[%clk 0:02:43]} g4
{[%clk 0:01:32]} 57. Rxa2 {[%clk 0:02:54]} Rxa2 {[%clk 0:01:14]} 58. Nxa2
{[%clk 0:03:23]} f4 {[%clk 0:01:41]} 59. Kd4 {[%clk 0:03:23]} f3 {[%clk 0:00:38]}
60. Nc3 {[%clk 0:03:50]} Kd7 {[%clk 0:00:34]} 61. Ke3 {[%clk 0:04:09]} Kd6
{[%clk 0:00:46]} 62. Kf2 {[%clk 0:04:32]} Kc5 {[%clk 0:01:07]} 63. Kg3
{[%clk 0:04:37]} Kd6 {[%clk 0:01:00]} 64. h3 {[%clk 0:04:51]} gxh3
{[%clk 0:00:46]} 65. Kxf3 {[%clk 0:05:14]} 1-0

[Event "V4 Liptov 2017"]
[Site "?"]
[Date "2017.06.22"]
[Round "2.17"]
[White "Sivcak, Matej"]
[Black "Grimm, Balazs"]
[Result "0-1"]
[BlackElo "1737"]
[WhiteElo "1743"]
[LiveChessVersion "1.4.8"]

1. b3 {[%clk 1:00:52]} d5 {[%clk 1:00:49]} 2. Bb2 {[%clk 1:01:17]} Nc6
{[%clk 1:01:10]} 3. e3 {[%clk 1:01:40]} Nf6 {[%clk 1:01:00]} 4. Bb5
{[%clk 1:01:16]} Bf5 {[%clk 0:58:42]} 5. f4 {[%clk 1:01:01]} Qd7 {[%clk 0:57:47]}
6. Nf3 {[%clk 1:00:47]} Bg4 {[%clk 0:57:42]} 7. d3 {[%clk 1:00:53]} a6
{[%clk 0:57:34]} 8. Bxc6 {[%clk 1:01:03]} Qxc6 {[%clk 0:57:48]} 9. Nbd2
{[%clk 1:01:12]} e6 {[%clk 0:54:54]} 10. h3 {[%clk 1:00:18]} Bxf3
{[%clk 0:48:31]} 11. Nxf3 {[%clk 1:00:16]} Bb4+ {[%clk 0:48:20]} 12. Kf2
{[%clk 0:58:09]} O-O-O {[%clk 0:46:50]} 13. Ne5 {[%clk 0:55:49]} Qe8
{[%clk 0:46:53]} 14. g4 {[%clk 0:49:11]} Rg8 {[%clk 0:46:16]} 15. g5
{[%clk 0:44:19]} Nd7 {[%clk 0:46:33]} 16. Qh5 {[%clk 0:41:12]} Nxe5
{[%clk 0:46:20]} 17. Bxe5 {[%clk 0:41:12]} Qc6 {[%clk 0:45:07]} 18. Qxf7
{[%clk 0:39:09]} Rgf8 {[%clk 0:43:09]} 19. Qxg7 {[%clk 0:38:13]} Rd7
{[%clk 0:43:24]} 20. Qh6 {[%clk 0:36:22]} Qxc2+ {[%clk 0:43:09]} 21. Kf3
{[%clk 0:21:26]} Qxd3 {[%clk 0:42:53]} 22. Qxe6 {[%clk 0:08:54]} Qe4+
{[%clk 0:43:01]} 23. Kf2 {[%clk 0:08:56]} Bd2 {[%clk 0:42:16]} 24. Qg4
{[%clk 0:06:09]} Qxe5 {[%clk 0:39:27]} 25. Qf3 {[%clk 0:03:54]} Qf5
{[%clk 0:34:58]} 26. Rad1 {[%clk 0:03:22]} Ba5 {[%clk 0:34:40]} 27. h4
{[%clk 0:02:38]} d4 {[%clk 0:34:13]} 28. exd4 {[%clk 0:01:21]} Qxf4
{[%clk 0:34:30]} 29. Qxf4 {[%clk 0:01:34]} Rxf4+ {[%clk 0:34:56]} 30. Ke3
{[%clk 0:01:58]} Rg4 {[%clk 0:35:04]} 31. Kf3 {[%clk 0:00:45]} Rgxd4
{[%clk 0:34:37]} 32. Rxd4 {[%clk 0:00:53]} Rxd4 {[%clk 0:35:04]} 33. h5
{[%clk 0:01:13]} Rd7 {[%clk 0:35:20]} 34. Ke4 {[%clk 0:01:01]} Bc3
{[%clk 0:34:53]} 35. g6 {[%clk 0:00:42]} hxg6 {[%clk 0:34:06]} 36. hxg6
{[%clk 0:01:07]} Rg7 {[%clk 0:34:26]} 37. Kf5 {[%clk 0:01:10]} Kd7
{[%clk 0:34:19]} 38. Rd1+ {[%clk 0:01:14]} Ke7 {[%clk 0:34:32]} 39. Rc1
{[%clk 0:00:39]} Ba5 {[%clk 0:33:51]} 40. b4 {[%clk 0:00:36]} Bb6
{[%clk 0:34:16]} 41. a4 {[%clk 0:00:35]} Kd6 {[%clk 0:32:37]} 42. Rh1
{[%clk 0:00:35]} Kd5 {[%clk 0:31:53]} 43. Rh4 {[%clk 0:00:35]} Bd4
{[%clk 0:31:11]} 44. Rg4 {[%clk 0:00:33]} Re7 {[%clk 0:30:16]} 45. Kf4
{[%clk 0:00:32]} Re4+ {[%clk 0:30:34]} 46. Kf5 {[%clk 0:00:32]} Rxg4
{[%clk 0:30:53]} 0-1